000 01399aam a2200409 ia4500
001 vtls000912211
003 PNM
005 20211006183057.0
008 200911t20202020my a j 000 c may
015 _aM20-07695
020 _a9789672375166
_qpaperback
_cRM21.90
039 9 _a202101111324
_bhabirah
_c202011190942
_dhaida
040 _aBNM
_beng
_cBNM
_erda
_dPPAK
041 1 _amay
_hkor
049 _amal
082 0 4 _a500
_223
090 0 0 _a500
_bKOM
_dK
245 0 0 _aKomik Pendidikan Britannica :
_bTubuh Badan Manusia /
_cCerita: Bombom Bercerita (Korea) ; Ilustrasi: Kim Deok Young (Korea)
250 _aEdisi Pertama 2020
264 1 _aJohor Bahru, Johor :
_bPenerbitan Pelangi Sdn. Bhd.,
_c2020
264 4 _c©2020
300 _a161 pages, 4 unnumbered pages :
_bcolour illustrations, colour photographs ;
_c23 cm.
336 _atext
_2rdacontent
337 _aunmediated
_2rdamedia
338 _avolume
_2rdacarrier
490 1 _aKomik Pendidikan Britannica
650 1 0 _aScience
_vComic books, strips, etc.
650 2 0 _aComic books, strips, etc.
_zKorea (South)
_vTranslations into Malay
650 2 0 _aHuman body
_vComic books, strips, etc.
700 1 _aKim, Deok Young,
_eillustrator.
710 2 _aBombom Bercerita,
_eauthor.
830 0 _aKomik pendidikan Britannica
942 _2ddc
_cB
949 _62000733055
949 _62000733056
949 _62000733057
999 _c185245
_d185245